El Cuero y cohete (Record no. 48704)
[ view plain ]
| 000 -CABECERA | |
|---|---|
| campo de control de longitud fija | 00934ntm a22002655a 4500 |
| 001 - NÚMERO DE CONTROL | |
| campo de control | vtls000056114 |
| 003 - IDENTIFICADOR DEL NÚMERO DE CONTROL | |
| campo de control | ES-BaIT |
| 005 - FECHA Y HORA DE LA ÚLTIMA TRANSACCIÓN | |
| campo de control | 20211007160353.0 |
| 007 - CAMPO FIJO DE DESCRIPCIÓN FÍSICA--INFORMACIÓN GENERAL | |
| campo de control de longitud fija | t| |
| 008 - DATOS DE LONGITUD FIJA--INFORMACIÓN GENERAL | |
| campo de control de longitud fija | 131008| ||||||||| 00| |spa|d |
| 010 ## - NÚMERO DE CONTROL DE LA BIBLIOTECA DEL CONGRESO | |
| Número de control de LC | 56114 |
| 035 ## - NÚMERO DE CONTROL DEL SISTEMA | |
| Número de control de sistema | 0056-11460 |
| -- | ES-BaIT035 |
| 039 #9 - NIVEL DE CONTROL BIBLIOGRÁFICO Y DETALLES DE CODIFICACIÓN [OBSOLETO] | |
| Nivel de reglas en descripción bibliográfica | 201403080130 |
| Nivel de esfuerzo utilizado para asignar no-encabezamientos de materia en puntos de acceso | VLOAD |
| Nivel de esfuerzo utilizado en la asignación de encabezamientos de materia | 201310110032 |
| Nivel de esfuerzo utilizado para asignar clasificación | VLOAD |
| Nivel de esfuerzo utilizado en la asignación de encabezamientos de materia | 201310101650 |
| Nivel de esfuerzo utilizado para asignar clasificación | VLOAD |
| Nivel de esfuerzo utilizado en la asignación de encabezamientos de materia | 201310082251 |
| Nivel de esfuerzo utilizado para asignar clasificación | VLOAD |
| -- | 201110052349 |
| -- | VLOAD |
| 040 00 - FUENTE DE LA CATALOGACIÓN | |
| Centro catalogador/agencia de origen | SEDO |
| Lengua de catalogación | cat |
| 245 03 - MENCIÓN DE TÍTULO | |
| Título | El Cuero y cohete |
| Medio | [Manuscrit] |
| 260 ## - PUBLICACIÓN, DISTRIBUCIÓN, ETC. | |
| Lugar de publicación, distribución, etc. | [s.a.] |
| 300 ## - DESCRIPCIÓN FÍSICA | |
| Extensión | 1 Manuscrit |
| 500 ## - NOTA GENERAL | |
| Nota general | Entremés de... |
| 500 ## - NOTA GENERAL | |
| Nota general | Copia Ms, notas Cotarelo |
| 593 ## - Camps col·lecció exemplar | |
| Codi de localització de l’ítem (numèric ) | 0110 |
| Signatura topogràfica i/o núm. de registre | 47067 |
| Notes | Procedència: Col·lecció Joaquín Montaner |
| Nom de la col·lecció especial | Artur Sedó |
| 856 42 - LOCALIZACIÓN Y ACCESO ELECTRÓNICOS | |
| Especificación de materiales | Fitxa del catàleg manual |
| Identificador Uniforme del Recurso | <a href="http://www.cdmae.cat/sedo/imgtitulos/018/P0001409.gif">http://www.cdmae.cat/sedo/imgtitulos/018/P0001409.gif</a> |
| 940 ## - EQUIVALENCIA O REFERENCIA-CRUZADA--TÍTULO UNIFORME [OBSOLETO] [solamente CAN/MARC] | |
| Título uniforme | <a href="IT">IT</a> |
| 949 ## - PROCESAMIENTO DE INFORMACIÓN LOCAL (OCLC) | |
| -- | VIRTUAITEM |
| -- | 10010 |
| -- | 10010 |
| -- | 1 |
| 6 | 1990278772 |
| a | 47067 |
| Estado de retiro | Estado de pérdida | Estado dañado | No para préstamo | Código de colección | Localización permanente | Ubicación/localización actual | Ubicación en estantería | Fecha de adquisición | Fuente de adquisición | Información codificada de la localización en otra ubicación | Total de préstamos | Signatura topográfica completa | Código de barras | Fecha visto por última vez | Número de copia | Precio válido a partir de | Tipo de ítem Koha |
|---|---|---|---|---|---|---|---|---|---|---|---|---|---|---|---|---|---|
| Exclòs de préstec | Artur Sedó | Biblioteca Barcelona | Biblioteca Barcelona | BCN Magatzem Sedó | 07/11/2005 | Reconversió ODEC | 10010 | 47067 | 1990278772 | 07/11/2005 | 1 | 11/08/2021 | Llibre |


